000 00361cas a2200133 4500
008 090519n eng u
035 _a(Sirsi) a165213
100 1 _aDoke, C. M.
245 _aGraded Lamba Grammer and Exercises /
_cC. M. Doke
260 _aNdola:
_bLambaland Baptist Mission,
_c
300 _ai-vi,261p.
350 _aK150,000.00
650 _aLamba
999 _c4038
_d4038